| 000 | 00790cam a22002412 4500 | ||
|---|---|---|---|
| 001 | 0000019957 | ||
| 005 | 20151217152205.0 | ||
| 008 | 110325s xx 000 0 eng d | ||
| 020 | _a0199557745 : | ||
| 040 |
_aKABU _cKABU |
||
| 100 | 1 |
_aHolland, James. _@0000179966 |
|
| 245 | 1 | 0 |
_aLearning legal rules : _ba students' guide to legal method and reasoning / _cJames Holland and Julian Webb. |
| 250 | _a7th ed. | ||
| 260 |
_aOxford : _bOUP, _c2010. |
||
| 300 | _axxvii, 408 p. | ||
| 650 | 0 |
_aLaw _xMethodology. _@0000153283 |
|
| 650 | 0 |
_aLaw _zGreat Britain. _@0000153325 |
|
| 700 | 1 |
_aWebb, Julian. _@0000179967 |
|
| 852 | 1 | _9p3120 KES | |
| 852 | 1 | _9p3804.60 KES | |
| 908 | _a110325 | ||
| 950 | _@1 | ||
| 999 |
_c9140 _d9140 |
||